000 00325nam a22001337a 4500
999 _c13267
_d13267
020 _a9781305094147
082 _a616.89
100 _aDurand V.Mark & H.Barlow David
245 _aEssentials of Abnormal Psychology
250 _a7th Edition
260 _aCanada
_bCengage Learning
_c2016
300 _a590 pages
942 _cBK